00463nam a2200133Ia 4500008004100000024004800041082001700089100006300106245005200169260002600221600003200247650003300279999001700312260210s9999 xx 000 0 und d a99A-025-CS, 99A-043-CS & 99A-011-CS a629.8072 KHA aRaheel Maqsood Khan, M. Haris Khan & S. Shahzaib Uzair 0aPC Based Home Automation Through Telephone Line aKarachi:bUITU,c1999 aComputer System Engineering aBachelor of Engineering (BE) c32634d32634